<?xml version="1.0" encoding="UTF-8"?>
<collection xmlns="http://www.loc.gov/MARC21/slim">
 <record>
  <leader>01156cam a2200265 7i4500</leader>
  <controlfield tag="001">0000007164</controlfield>
  <controlfield tag="005">20110314090000.0</controlfield>
  <controlfield tag="008">070820s1994    cau                 eng   </controlfield>
  <datafield tag="020" ind1="0" ind2="0">
   <subfield code="a">0803942753 (cloth) </subfield>
  </datafield>
  <datafield tag="020" ind1="0" ind2="0">
   <subfield code="a">0803942761 (paper) </subfield>
  </datafield>
  <datafield tag="090" ind1="0" ind2="0">
   <subfield code="a">HV 5824 .Y68 </subfield>
   <subfield code="b">M8 1994</subfield>
  </datafield>
  <datafield tag="100" ind1="1" ind2="0">
   <subfield code="a">Muisener, Philip P. </subfield>
  </datafield>
  <datafield tag="245" ind1="1" ind2="0">
   <subfield code="a">Understanding and treating adolescent substance abuse  </subfield>
   <subfield code="c">Philip P. Muisener.</subfield>
  </datafield>
  <datafield tag="260" ind1="0" ind2="0">
   <subfield code="a">Thousand Oaks, California: </subfield>
   <subfield code="b">Sage Publications, Inc., </subfield>
   <subfield code="c">1994.</subfield>
  </datafield>
  <datafield tag="300" ind1="#" ind2="#">
   <subfield code="a">xvi, 252 p.: </subfield>
   <subfield code="b">ill.; </subfield>
   <subfield code="c">23 cm..</subfield>
  </datafield>
  <datafield tag="490" ind1="0" ind2="0">
   <subfield code="a">Sage sourcebook for the human services series; </subfield>
   <subfield code="v">v.27</subfield>
  </datafield>
  <datafield tag="504" ind1="0" ind2="0">
   <subfield code="a">Includes bibliographical references and index</subfield>
  </datafield>
  <datafield tag="650" ind1="0" ind2="0">
   <subfield code="a">Teenagers -- </subfield>
   <subfield code="x">Drug use -- </subfield>
   <subfield code="z">United States </subfield>
  </datafield>
  <datafield tag="650" ind1="0" ind2="0">
   <subfield code="a">Drug abuse -- </subfield>
   <subfield code="x">Treatment -- </subfield>
   <subfield code="z">United States </subfield>
  </datafield>
  <datafield tag="650" ind1="0" ind2="0">
   <subfield code="a">Teenagers -- </subfield>
   <subfield code="x">Alcohol use -- </subfield>
   <subfield code="z">United States </subfield>
  </datafield>
  <datafield tag="650" ind1="0" ind2="0">
   <subfield code="a">Teenagers -- </subfield>
   <subfield code="x">Drug use -- </subfield>
   <subfield code="x">Prevention -- </subfield>
   <subfield code="z">United States </subfield>
  </datafield>
  <datafield tag="650" ind1="0" ind2="0">
   <subfield code="a">Teenagers -- </subfield>
   <subfield code="x">Alcohol use -- </subfield>
   <subfield code="x">Prevention -- </subfield>
   <subfield code="z">United States </subfield>
  </datafield>
  <datafield tag="650" ind1="0" ind2="0">
   <subfield code="a">Alcoholism -- </subfield>
   <subfield code="x">Treatment -- </subfield>
   <subfield code="z">United States </subfield>
  </datafield>
  <datafield tag="999" ind1=" " ind2=" ">
   <subfield code="a">1000386718</subfield>
   <subfield code="b">Book</subfield>
   <subfield code="c">Open Shelf</subfield>
   <subfield code="e">KOLEKSI TERBUKA</subfield>
  </datafield>
  <datafield tag="999" ind1=" " ind2=" ">
   <subfield code="a">1000386719</subfield>
   <subfield code="b">Book</subfield>
   <subfield code="c">Open Shelf</subfield>
   <subfield code="e">KOLEKSI TERBUKA</subfield>
  </datafield>
 </record>
</collection>
